00536nam a2200145 a 4500008004100000050002100041100001600062245014200078260003800220350000900258500002500267650002700292650001200319710005900331100202s1979 ||||||||||||||||| || u aGOV.ZAM(08)WP/29 aBanda, M. C10aPeople buying plots and houses in Chawama overspill and Chawama existing: "the new-comers"cBy the Lusaka Housing Project Evaluation Team aLusaka:bGovernment Printerc1979 a0.00 aWorking Paper No. 29 aPUBLIC HOUSING--ZAMBIA aHOUSING aGovernment of the Republic of Zambia. Local Government